000 01159nam0a22002531 4500
001 rc\3177076
005 20260510030845.0
021 _aRU
_bРг9692-76
021 _aRU
_b76-ОЭ-138/1
035 _a(NLR Aleph) 007311689
090 _a5816700
_c5816700
100 _a20120615d1976 |||y0rusy50 ca
101 0 _arus
102 _aRU
105 _ay z |||||
200 1 _aТезисы докладов Третьей научно-методической конференции профессорско-преподавательского состава
_fМ-во с. х. СССР. Туркм. с.-х. ин-т им. М.И. Калинина
210 _aАшхабад
_cБ. и.
_d1976
215 _a[1], 62 с.
_d20
710 0 2 _aТуркменский сельскохозяйственный институт им. М. И. Калинина
_bНаучно-методическая конференция профессорско-преподавательского состава
_cАшхабад
_d3
_f1976
_9308964
_3RU\NLR\AUTH\8817857
801 0 _aRU
_bNLR
_gpsbo
801 1 _aRU
_bELAR
_2rusmarc
852 _aNLR
_j76-4/24243
942 _cBOOK
980 _aNB